| 000 | 00576nam a2200181Ia 4500 | ||
|---|---|---|---|
| 008 | 090124s9999 xx 000 0 und d | ||
| 082 | _b123196 | ||
| 100 | _aपंडित बाळ ज. | ||
| 245 | _a 101 श्रेष्ठ क्रिकेटपटू | ||
| 250 | _a1 | ||
| 260 | _c1989 | ||
| 300 | _a252 | ||
| 600 | _aपंडित बाळ ज. | ||
| 630 | _a 101 श्रेष्ठ क्रिकेटपटू | ||
| 700 | _aपंडित बाळ ज. | ||
| 730 | _a 101 श्रेष्ठ क्रिकेटपटू | ||
| 942 | _cBOOK | ||
| 999 |
_c169282 _d169282 |
||